000 00697nam a2200253Ia 4500
003 OSt
005 20220916110944.0
006 a|||||r|||| 00| 0
007 ta
008 220915b |||||||| |||| 00| 0 eng d
024 _a29767
037 _cTextbook
040 _beng
_aARTS
_cARTS
041 _aeng
082 _aO111,2N06:g, K2 (TTO)
100 _aCohn Ruby
245 0 _aSamuel Beckett : The comic gamut
260 _aNew
_bBrunswick Rutgers University Press
300 _a340p.
_ccm.
500 _aAppendix 301-310p; Bibliography
650 _aENGLISH LITERATURE
942 _hO111,2N06:g, K2 (TTO)
_cTB
_2CC
999 _c102186
_d102186